LEADER 01408cam0-22004811i-450 001 990000426650403321 005 20190521165634.0 035 $a000042665 035 $aFED01000042665 035 $a(Aleph)000042665FED01 035 $a000042665 100 $a20020821d1975----km-y0itay50------ba 101 0 $aita 102 $aIT 105 $aa-------001yy 200 1 $aLinee evolutive dell'edilizia scolastica$evicende, norme, tipi, 1949-1974$fFausto Ermanno Leschiutta 210 $aRoma$cBulzoni$d1975 215 $a263 p.$dill.$d22 cm 610 0 $aEdilizia scolastica 610 0 $aEdilizia scolastica$a1949$a1974 610 0 $aScuole 676 $a727.1 676 $a727 700 1$aLeschiutta,$bFausto Ermanno$f<1937- >$011129 801 0$aIT$bUNINA$gRICA$2UNIMARC 901 $aBK 912 $a990000426650403321 952 $aARCH B 252$b10356$fFARBC 952 $aARCH B 667$b11948$fFARBC 952 $aARCH B 825$b14513$fFARBC 952 $a12 MTD 335$bMTD 1739/219$fDARPU 952 $aRGT 1591$b4880$fDARPU 952 $a12 MTD 2$b4910$fDARPU 952 $a08 II 66$b3350 (CE)$fDINED 952 $a08 II 67$b6622 (AT)$fDINED 952 $a13 D 43 31$b32197$fFINBC 952 $a222009$b2452$fDCATA 959 $aDARPU 959 $aDINED 959 $aFINBC 959 $aDCATA 996 $aLinee evolutive dell'edilizia scolastica$9328031 997 $aUNINA LEADER 03697nam 22006615 450 001 9910298523103321 005 20251117071620.0 010 $a3-642-36121-8 024 7 $a10.1007/978-3-642-36121-0 035 $a(CKB)3710000000074257 035 $a(EBL)1592592 035 $a(OCoLC)868915340 035 $a(SSID)ssj0001066584 035 $a(PQKBManifestationID)11630026 035 $a(PQKBTitleCode)TC0001066584 035 $a(PQKBWorkID)11068765 035 $a(PQKB)10119738 035 $a(MiAaPQ)EBC1592592 035 $a(DE-He213)978-3-642-36121-0 035 $a(PPN)176111263 035 $a(EXLCZ)993710000000074257 100 $a20131114d2014 u| 0 101 0 $aeng 135 $aur|n|---||||| 181 $ctxt 182 $cc 183 $acr 200 10$aChallenging the Orthodoxy $eReflections on Frank Stilwell's Contribution to Political Economy /$fedited by Susan K. Schroeder, Lynne Chester 205 $a1st ed. 2014. 210 1$aBerlin, Heidelberg :$cSpringer Berlin Heidelberg :$cImprint: Springer,$d2014. 215 $a1 online resource (270 p.) 300 $aDescription based upon print version of record. 311 08$a3-642-36120-X 320 $aIncludes bibliographical references. 327 $aForeword -- Part I: Introduction -- Part II: Contesting Economic Ideas -- Part III: Teaching Political Economy -- Part IV: Economic Inequality -- Part V: Economic Policies -- Part VI: Cities and Regions -- Part VII: A Green Economy -- Part VIII: Conclusion. 330 $aPolitical economy focuses on issues that are fundamental to individual and collective well-being and rests on the proposition that economic phenomena do not occur in isolation from social and political processes. One leading Australian political economist is Frank Stilwell. Highlights of his work include concerns with the creation and use of wealth, inequalities between rich and poor, the spatial implications of economic growth, and the tensions between economic growth and the environment. Stilwell has been especially prominent in developing alternative economic policies, with seminal contributions to understanding the radical shift in Australian economic and social policies since the early 1980s. He has also been a leader in the teaching of political economy to many cohorts of first-year university students. This collection, spanning these themes, honours Stilwell?s contribution to Australian political economy after more than 40 years teaching at the University of Sydney. The book provides not only an opportunity to appreciate his contribution but also a greater understanding of these themes which remain of crucial contemporary relevance. 606 $aFinance, Public 606 $aEconomics 606 $aEconomic policy 606 $aPublic Economics$3https://scigraph.springernature.com/ontologies/product-market-codes/W34000 606 $aInternational Political Economy$3https://scigraph.springernature.com/ontologies/product-market-codes/912140 606 $aEconomic Policy$3https://scigraph.springernature.com/ontologies/product-market-codes/W34010 615 0$aFinance, Public. 615 0$aEconomics. 615 0$aEconomic policy. 615 14$aPublic Economics. 615 24$aInternational Political Economy. 615 24$aEconomic Policy. 676 $a330 676 $a336 676 $a338.9 676 $a339.5 702 $aSchroeder$b Susan K.$4edt$4http://id.loc.gov/vocabulary/relators/edt 702 $aChester$b Lynne$4edt$4http://id.loc.gov/vocabulary/relators/edt 906 $aBOOK 912 $a9910298523103321 996 $aChallenging the Orthodoxy$92519764 997 $aUNINA